000 00412nam a2200121Ia 4500
008 160609s9999 xx 000 0 und d
100 _aMarbley, Aretha Faye.
245 _aMulticultural Counseling: Perspectives From Counselors As Clients Of Color
245 _cBy:Aretha Faye Marbley
260 _c2011
650 _xGUIDANCE & COUNSELING
856 _uhttp://file.ebook777.com/014/MulCouPerFroCouAsCliOfCol.pdf
999 _c295899
_d295899